00682nam a2200229 a 4500001001300000003000900013005001700022008004100039020000900080082001300089100001400102245008100116260004100197300000900238500003500247505001300282650003400295902000800329942000700337952009300344999001500437nice12345678IN_TiNIC20260116013014.0050524s1977 newa grp 000 0 eng  ac5000a027bKAU aKaul, H K aUrdu Manuscriptsb a Discriptive Bibliography of Manuscripts in Delhi Librar aNew DelhibHeritage Publishersc1977 a206p aincludes index and biblioraphy2 aglossary aManuscripts-Library-Catalogue bSRS cBK 00104070aHMIbHMId2007-03-15g50.00l0o027 KAUp012725r2007-03-15w2026-01-16yEB c9241d9241